US-Bundesstaaten, die mit N beginnen - Statistiken

Allgemein
  • Dieses Quiz wurde 438 mal gespielt
  • Das Durchschnittsergebnis liegt bei 7 aus 8
Antwortstatistiken
Bundesstaat % Korrekt
New York
92%
North Carolina
89%
Nebraska
88%
Nevada
88%
North Dakota
88%
New Mexico
83%
New Hampshire
79%
New Jersey
79%
Keine übereinstimmenden Quizze gefunden
Verteilung der Resultate
Anzahl Personen mit jedem Resultat
Perzentil nach korrekt beantworteten Fragen
Ihre Resultats-Entwicklung
Sie haben dieses Quiz noch nicht gespielt